1283 1851 1814 1806 1673 1086 1712 1702 1764 1779 1227 1739 1638 1276 1106 1071 1077 1617 1006 1429 1552 1258 1459 1959 1486 1329 1815 1411 1743 1229 1763 1239 1222 1733 1280 1908 1678 1096 1125 1359 1791 1324 1756 1058 1423 1347 1588 1027 1444 1037 1922 1556 1110 1735 1708 1847 1783 1104 1906 1036 1450 1516 1972 1848 1302 1139 1830 1823 1348 1175 1653 1554 1191 1975 1822 1427 1395 1310 1485 1783 1042 1011 1617 1812 1392 1020 1008 1480 1234 1297 1465 1328 1667 1227 1797 1941 1932 1712 1787 BCNSPRNW ULIB Ver.6.0+V

เปลี่ยนเป็นภาษาไทย

Change to English
 แสดงรายละเอียดบรรณานุกรม
  กลับหน้าหลัก

Brief Record : Get Marc (ISO 2709) : E-mail record : QR code < ปิดหน้าต่าง
LEADER : 00000nam 2200000uu 4500
001    13399123125
003     ULIB
008    140309s2531||||th 000 0 tha d
099    ^aวพ.WT120^bน665ค
100    ^aนิรนาท วิทยโชคกิติคุณ
245    ^aความสามารถในการดูแลตนเองและภาวะสุขภาพของผู้สูงอายุ^cนิรนาท วิทยโชคกิติคุณ
260    ^aนครปฐม :^bมหาวิทยาลัยมหิดล,^c2552
300    ^a73 หน้า
650    ^aผู้สูงอายุ^xวิทยานิพนธ์
945    ^p0^l0^i011222
999    ^aเกษร โพธิ์สุวรรณ
รายการนี้ยังไม่มีแท็ก
คุณยังไม่ได้ล็อกอิน คุณสามารถมีกิจกรรมร่วมกับเว็บไซต์ได้ แต่ต้องล็อกอินก่อน ::
  ล็อกอิน

รายการสื่อสารสนเทศ

ลำดับที่ ประเภท เลขเรียก/บาร์โค้ด สถานที่ สถานะ
1. วิทยานิพนธ์
วิทยานิพนธ์
วพ.WT120 น665ค  
  Barcode: 011222
ห้องสมุดวิทยาเขตสวรรค์ประชารักษ์
► วิทยานิพนธ์
บนชั้น

รายการใกล้เคียง
    ผู้แต่ง [นิรนาท วิทยโชคกิติคุณ]

BibComment


ยังไม่เคยถูกคอมเมนท์

คอมเมนท์ทรัพยากรรายการนี้
  คอมเมนท์: ความสามารถในการด..


 Copyright 2026. Bcnsprnw @Library